| 000 | 01204nam a2200277Ia 4500 | ||
|---|---|---|---|
| 003 | Ost | ||
| 005 | 20260507074923.0 | ||
| 008 | 260507s9999||||xx |||||||||||||| ||und|| | ||
| 020 | _a9957111612 | ||
| 040 | _cfsecg | ||
| 041 | _aara | ||
| 082 | _a350 | ||
| 100 |
_aبرنوطي، سعاد نائف _eمؤلف |
||
| 245 | 0 |
_aالإدارة : _bأساسيات إدارة الأعمال / _c سعاد نائف برنوطي |
|
| 250 | _aطبعة 4 | ||
| 260 |
_aعمان: _bدار وائل للنشر والتوزيع, _c2008 |
||
| 300 |
_a435 صفحة؛ _bإيضاحات ؛ _c24 سم |
||
| 504 | _aببليوغرافيا: ص.427 | ||
| 520 | _aالمنظمة والادارة، علم الادارة، مجالات الادارة وتخصصاتها، المدارس الادارية، وظائف المنظمة، الادارة الاستراتيجية، التخطيط، التنظيم، الرقابة، التوجيه والقيادة، اتخاذ القرارات، التحفيز والدوافع | ||
| 653 | _aاتخاذ القرارات | ||
| 653 | _aادارة الاعمال | ||
| 653 | _aالادارة | ||
| 653 | _aالتخطيط | ||
| 653 | _aالرقابة | ||
| 942 | _cكتاب | ||
| 999 |
_c41809 _d41809 |
||